000 00770nam a22001817a 4500
003 OSt
005 20251208143914.0
008 251208b |||||||| |||| 00| 0 eng d
040 _cDCL
041 _aMyanmar
082 _a၂၉၄.၃၀၇၆
100 1 _aလုံးတော်ဆရာတော်။
_9742
245 1 0 _aပုစ္ဆာပကိဏ္ဏကကျမ်း /
_cလုံးတော်ဆရာတော်။
264 _aရန်ကုန် ၊
_bမြတ်ပန်းရဂုံစာပေ၊
_c၂၀၀၈။
300 _aကံ့၊ ၃၆၁ စာမျက်နှာ ၊
_c၂၂ စင်တီ။
650 _aဗုဒ္ဓဘာသာ
_xအမေးအဖြေ
942 _2ddc
_cSHORT TERM
_n0
999 _c2677
_d2677